MARC

LEADER 00000nam0a2200000 4500
001 109045
005 20231031115912.0
035 |a (RuTPU)RU\TPU\book\117707 
090 |a 109045 
100 |a 20070130d2005 km y0rusy50 ca 
101 0 |a rus 
102 |a RU 
105 |a a z 001zy 
200 1 |a Оценка возможных социально-экономических последствий размещения в Томской области завода по производству МОКС-топлива  |f А. В. Торопов 
210 |a Томск  |c Дельтаплан  |d 2005 
215 |a 36 с.  |c ил. 
320 |a Библиография в конце книги. 
610 1 |a экономика 
610 1 |a промышленность 
610 1 |a атомная промышленность 
610 1 |a Сибирь 
610 1 |a Томск 
610 1 |a Томская область 
610 1 |a социально-экономические последствия 
610 1 |a атомные электростанции 
610 1 |a размещение 
610 1 |a радиоэкология 
610 1 |a радиоактивные отходы 
610 1 |a производство 
610 1 |a мокс-топливо 
675 |a 577.346:574  |v 3 
686 |a У9(2Р53)  |v LBC/SL-A  |2 rubbk 
700 1 |a Торопов  |b А. В.  |g Алексей Владимирович 
801 1 |a RU  |b 63413507  |c 20070130  |g PSBO 
801 2 |a RU  |b 63413507  |c 20190708  |g PSBO 
942 |c BK